000
00314pab a2200133 454500
008
180718b2003 xxu||||| |||| 00| 0 eng d
100
_a
Caplan, Joel
245
_a
Police cynicism: police survival tool?
260
_c
2003
300
_a
p.304-13.
650
_a
Police
773
_a
Police Journal
909
_a
59728
999
_c
59728
_d
59728